000 00408nam a22001817a 4500
003 MPLRDC
005 20220104144721.0
008 210129b ||||| |||| 00| 0 eng d
020 _a957-10-2829-0
082 _a411.71 JD
100 _a
245 _a健体猛男塑造篇
_c
250 _a初版
260 _a
_b尖 端
_c2003
300 _b
650 _a运动与健康
942 _cBK
_o411.71 JD
999 _c50940
_d50930